<?xml version='1.0' encoding='UTF-8'?>
  <record xmlns="http://www.loc.gov/MARC21/slim">
    <leader>00000cam a2200000   4500</leader>
    <controlfield tag="001">ocm06904938</controlfield>
    <controlfield tag="003">OCoLC</controlfield>
    <controlfield tag="005">20240127100239.6</controlfield>
    <controlfield tag="008">801106s1613    ne acf        000 0 lat d</controlfield>
    <datafield tag="040" ind1=" " ind2=" ">
      <subfield code="a">NDD</subfield>
      <subfield code="b">eng</subfield>
      <subfield code="c">NDD</subfield>
      <subfield code="d">OCLCQ</subfield>
      <subfield code="d">OCLCG</subfield>
      <subfield code="d">OCLCQ</subfield>
      <subfield code="d">OCLCA</subfield>
      <subfield code="d">OSU</subfield>
      <subfield code="d">OCLCO</subfield>
      <subfield code="d">OCLCA</subfield>
      <subfield code="d">OCLCF</subfield>
      <subfield code="d">OCLCQ</subfield>
      <subfield code="d">JPG</subfield>
      <subfield code="d">OCLCO</subfield>
      <subfield code="d">PUL</subfield>
      <subfield code="d">OCL</subfield>
      <subfield code="d">OCLCO</subfield>
      <subfield code="d">OCLCL</subfield>
      <subfield code="d">OCLCQ</subfield>
      <subfield code="d">OCLCL</subfield>
    </datafield>
    <datafield tag="024" ind1="8" ind2=" ">
      <subfield code="a">dcl:grs</subfield>
    </datafield>
    <datafield tag="035" ind1=" " ind2=" ">
      <subfield code="a">(OCoLC)6904938</subfield>
    </datafield>
    <datafield tag="041" ind1="0" ind2=" ">
      <subfield code="a">lat</subfield>
      <subfield code="a">ita</subfield>
      <subfield code="a">grc</subfield>
    </datafield>
    <datafield tag="050" ind1="1" ind2="4">
      <subfield code="a">PN6357.L3</subfield>
      <subfield code="b">R6</subfield>
    </datafield>
    <datafield tag="100" ind1="1" ind2=" ">
      <subfield code="a">Rollenhagen, Gabriel,</subfield>
      <subfield code="d">1583-1619.</subfield>
      <subfield code="1">https://id.oclc.org/worldcat/entity/E39PBJbtq69bQvDCxbMFgqdWjC</subfield>
    </datafield>
    <datafield tag="245" ind1="1" ind2="0">
      <subfield code="a">Gabrielis Rollenhagii Selectorum emblematum centuria secunda.</subfield>
    </datafield>
    <datafield tag="246" ind1="3" ind2=" ">
      <subfield code="a">Selectorum emblematum centuria secunda</subfield>
    </datafield>
    <datafield tag="260" ind1=" " ind2=" ">
      <subfield code="a">Ultraiecti,</subfield>
      <subfield code="b">ex officina Crispiani Passæi, prostant apud Joan. Janssoniũ,</subfield>
      <subfield code="c">1613.</subfield>
    </datafield>
    <datafield tag="300" ind1=" " ind2=" ">
      <subfield code="a">[28] pages, 100 leaves of plates</subfield>
      <subfield code="b">illustrations, portrait</subfield>
      <subfield code="c">20 cm</subfield>
    </datafield>
    <datafield tag="336" ind1=" " ind2=" ">
      <subfield code="a">text</subfield>
      <subfield code="b">txt</subfield>
      <subfield code="2">rdacontent</subfield>
    </datafield>
    <datafield tag="337" ind1=" " ind2=" ">
      <subfield code="a">unmediated</subfield>
      <subfield code="b">n</subfield>
      <subfield code="2">rdamedia</subfield>
    </datafield>
    <datafield tag="338" ind1=" " ind2=" ">
      <subfield code="a">volume</subfield>
      <subfield code="b">nc</subfield>
      <subfield code="2">rdacarrier</subfield>
    </datafield>
    <datafield tag="500" ind1=" " ind2=" ">
      <subfield code="a">All leaves engraved.</subfield>
    </datafield>
    <datafield tag="500" ind1=" " ind2=" ">
      <subfield code="a">British Museum catalogue attributes the engravings to the elder C. van de Passe.</subfield>
    </datafield>
    <datafield tag="500" ind1=" " ind2=" ">
      <subfield code="a">Emblem mottoes and captions in Italian on leaves 39 and 71; in Greek on leaf 64.</subfield>
    </datafield>
    <datafield tag="500" ind1=" " ind2=" ">
      <subfield code="a">Quarto; unsigned.</subfield>
    </datafield>
    <datafield tag="500" ind1=" " ind2=" ">
      <subfield code="a">T.p., port. of Rollenhagen (p. [3]), and the 100 emblematic ill. were engraved by Crispijn de Passe the Elder; see Landwehr. The emblems are circular, with Latin motto around the perimeter and explanatory Latin couplet engraved beneath. Emblems 39 &amp; 71 in Italian, 64 in Greek.</subfield>
    </datafield>
    <datafield tag="510" ind1="4" ind2=" ">
      <subfield code="a">Cicognara,</subfield>
      <subfield code="c">1945</subfield>
    </datafield>
    <datafield tag="510" ind1="4" ind2=" ">
      <subfield code="a">Landwehr, J. Emblem books in the low countries,</subfield>
      <subfield code="c">573</subfield>
    </datafield>
    <datafield tag="510" ind1="4" ind2=" ">
      <subfield code="a">Praz, M. Studies in 17th-century imagery (2nd ed.),</subfield>
      <subfield code="c">p. 476</subfield>
    </datafield>
    <datafield tag="650" ind1=" " ind2="0">
      <subfield code="a">Emblems</subfield>
      <subfield code="v">Early works to 1800.</subfield>
    </datafield>
    <datafield tag="650" ind1=" " ind2="6">
      <subfield code="a">Emblèmes</subfield>
      <subfield code="v">Ouvrages avant 1800.</subfield>
    </datafield>
    <datafield tag="650" ind1=" " ind2="7">
      <subfield code="a">Emblems.</subfield>
      <subfield code="2">fast</subfield>
      <subfield code="0">(OCoLC)fst00908357</subfield>
    </datafield>
    <datafield tag="655" ind1=" " ind2="7">
      <subfield code="a">Emblem books</subfield>
      <subfield code="z">Netherlands</subfield>
      <subfield code="y">17th century.</subfield>
      <subfield code="2">aat</subfield>
    </datafield>
    <datafield tag="655" ind1=" " ind2="7">
      <subfield code="a">Emblems (allegorical pictures)</subfield>
      <subfield code="z">Netherlands</subfield>
      <subfield code="y">17th century.</subfield>
      <subfield code="2">aat</subfield>
    </datafield>
    <datafield tag="655" ind1=" " ind2="7">
      <subfield code="a">Engravings (prints)</subfield>
      <subfield code="z">Netherlands</subfield>
      <subfield code="y">17th century.</subfield>
      <subfield code="2">aat</subfield>
    </datafield>
    <datafield tag="655" ind1=" " ind2="7">
      <subfield code="a">Early works.</subfield>
      <subfield code="2">fast</subfield>
      <subfield code="0">(OCoLC)fst01411636</subfield>
    </datafield>
    <datafield tag="700" ind1="1" ind2=" ">
      <subfield code="a">Passe, Crispijn van de,</subfield>
      <subfield code="d">approximately 1565-1637.</subfield>
      <subfield code="1">https://id.oclc.org/worldcat/entity/E39PBJyMhmpWf7bggmDPCXTbVC</subfield>
    </datafield>
    <datafield tag="752" ind1=" " ind2=" ">
      <subfield code="a">Netherlands</subfield>
      <subfield code="d">Utrecht.</subfield>
    </datafield>
    <datafield tag="758" ind1=" " ind2=" ">
      <subfield code="i">has work:</subfield>
      <subfield code="a">Gabrielis Rollenhagii Selectorum emblematum centuria secunda (Text)</subfield>
      <subfield code="1">https://id.oclc.org/worldcat/entity/E39PCH7pJpF8j38G4wCWwq3TgX</subfield>
      <subfield code="4">https://id.oclc.org/worldcat/ontology/hasWork</subfield>
    </datafield>
    <datafield tag="776" ind1="0" ind2="8">
      <subfield code="i">Online version:</subfield>
      <subfield code="a">Rollenhagen, Gabriel, 1583-1619.</subfield>
      <subfield code="t">Gabrielis Rollenhagii Selectorum emblematum centuria secunda.</subfield>
      <subfield code="d">Ultraiecti, ex officina Crispiani Passæi, prostant apud Joan. Janssoniũ, 1613</subfield>
      <subfield code="w">(OCoLC)889856805</subfield>
    </datafield>
  </record>